Catalog

Record Details

Catalog Search



Mr. Basketball : George Mikan, the Minneapolis ... Read More

Available copies

  • 3 of 3 copies available at LARL/NWRL Consortium. (Show)
  • 1 of 1 copy available at Northwest Regional Library.

Current holds

0 current holds with 3 total copies.

Show Only Available Copies
Location Call Number / Copy Notes Barcode Shelving Location Status Due Date
Warroad Public Library 796.323 SCH (Text) 35500005079387 Main Available -

Record details

  • ISBN: 9781596912137
  • ISBN: 1596912138
  • Physical Description: 317 p. ; 24 cm.
  • Edition: 1st U.S. ed.
  • Publisher: New York : Bloomsbury : c2007.
Subject: Mikan, George, 1924-2005.
Basketball players > United States > Biography.
Minneapolis Lakers (Basketball team) > History.
LDR 01453cam a22003498a 4500
00184622
003LARL_NWRL_CONSORTIUM
00520071001122048.0
008070308s2007 nyu 000 0beng
010 . ‡a2007009066
020 . ‡a9781596912137
020 . ‡a1596912138
035 . ‡a(OCoLC)85830728
040 . ‡aDLC ‡cDLC ‡dBAKER ‡dBTCTA ‡dJED
043 . ‡an-us--- ‡an-us-mn
08200. ‡a796.323092 ‡aB ‡222
1001 . ‡aSchumacher, Michael. ‡0(LARL_NWRL_CONSORTIUM)93992
24510. ‡aMr. Basketball : ‡bGeorge Mikan, the Minneapolis Lakers, and the birth of the NBA / ‡cby Michael Schumacher.
24630. ‡aGeorge Mikan, the Minneapolis Lakers, and the birth of the NBA
250 . ‡a1st U.S. ed.
260 . ‡aNew York : ‡bBloomsbury : ‡bDistributed to the trade by Holtzbrinck Publishers, ‡cc2007.
300 . ‡a317 p. ; ‡c24 cm.
60010. ‡aMikan, George, ‡d1924-2005. ‡0(LARL_NWRL_CONSORTIUM)10379
650 0. ‡aBasketball players ‡zUnited States ‡vBiography. ‡0(LARL_NWRL_CONSORTIUM)163665
61020. ‡aMinneapolis Lakers (Basketball team) ‡xHistory.
901 . ‡a84622 ‡bOCLC ‡c84622 ‡tbiblio

Additional Resources